Mejoramiento genético en frutales
Gespeichert in:
| 1. Verfasser: | |
|---|---|
| Format: | Buch |
| Sprache: | Spanisch |
| Veröffentlicht: |
Santiago
INIA
1998
|
| Schriftenreihe: | Serie La Platina, 86
|
| Schlagworte: | |
| Tags: |
Tag hinzufügen
Keine Tags, Fügen Sie den ersten Tag hinzu!
|
MARC
| LEADER | 00000nam a2200000 a 4500 | ||
|---|---|---|---|
| 001 | UCL5820 | ||
| 003 | CL-VaPUC | ||
| 005 | 20240910152609.0 | ||
| 008 | 040319e19980000cl 1 spa d | ||
| 082 | 0 | 4 | |a 634.88 |b MUÑ |2 21 |
| 100 | |a Muñoz Honorato, Iván |e autor |9 530490 | ||
| 245 | 1 | 0 | |a Mejoramiento genético en frutales |
| 260 | |a Santiago |b INIA |c 1998 | ||
| 300 | |a 211 p | ||
| 490 | 0 | |a Serie La Platina, 86 | |
| 583 | |a last modification |c 20190823 10:09:44 |k Rodrigo Vera | ||
| 650 | 0 | 0 | |a Fruticultura |9 259678 |
| 650 | 0 | 0 | |a Vid |9 264784 |
| 650 | 0 | 7 | |a MEJORAMIENTO GENETICO |2 CL-VaPUC |9 394471 |
| 942 | |c BK | ||
| 945 | |a cmena |d 20040319 00:00:00 | ||
| 546 | |a En Español | ||
| 536 | |a INIA | ||
| 518 | |p Reunión Técnica Mejoramiento Genético en Frutales, 1, Santiago, 12-13 agosto de 1998 | ||
| 999 | |c 384017 |d 384015 | ||
| 952 | |0 0 |1 0 |4 0 |6 634_880000000000000_MUÑ_1998 |7 0 |8 A |9 506384 |a BIBAGR |b BIBAGR |d 2020-01-23 |i 3994848 |o 634.88 MUÑ 1998 |p 3994848 |r 2025-01-20 |w 2020-01-23 |y BK |k AGR | ||